[Event "Hofheim Spring op 7th"]
[Site "Hofheim"]
[Date "2019.04.25"]
[Round "5"]
[White "Meiser, Markus"]
[Black "Oezdemir, Ali Oezden"]
[Result "1-0"]
[WhiteElo "2136"]
[BlackElo "1997"]
[PlyCount "105"]
[EventDate "2019.04.23"]
[EventType "swiss"]
[EventRounds "9"]
[EventCountry "GER"]
[SourceTitle "CBM 190 Extra"]
[Source "ChessBase"]
[SourceDate "2019.07.15"]
[SourceVersion "1"]
[SourceVersionDate "2019.07.15"]
[SourceQuality "1"]

1. d4 Nf6 2. c4 g6 3. Nc3 Bg7 4. e4 d6 5. f3 0-0 6. Be3 c5 7. dxc5 dxc5 8. Qxd8 Rxd8 9. Bxc5 Nc6 10. Ba3 Be6 11. Nd5 Rac8 12. Rd1 Re8 13. Ne2 Bxd5 14. cxd5 Na5 15. Nd4 Nc4 16. Bxc4 Rxc4 17. b3 Rcc8 18. 0-0 Nd7 19. Rf2 a5 20. Nb5 a4 21. d6 axb3 22. Nc7 bxa2 23. Rxa2 Rf8 24. dxe7 Rxc7 25. exf8Q+ Nxf8 26. Rd8 f5 27. Bxf8 Bxf8 28. Raa8 Rf7 29. e5 Kg7 30. e6 Bc5+ 31. Kf1 Re7 32. Rd7 Kf6 33. Rxe7 Kxe7 34. Rc8 Bd6 35. Rh8 h5 36. Rg8 Bxh2 37. Rxg6 Be5 38. Ke2 f4 39. Kd3 Bf6 40. Ke4 Kxe6 41. Kxf4 b5 42. g4 hxg4 43. fxg4 Kf7 44. Kf5 Bd4 45. Rd6 Bc3 46. Rb6 b4 47. Rb7+ Kg8 48. g5 Kf8 49. Kg6 Bd2 50. Rb5 Ke7 51. Kh7 Kd6 52. g6 Bc3 53. g7 1-0

[Event "Hessenliga 1819"]
[Site "Hessen"]
[Date "2019.03.11"]
[Round "7.3"]
[White "Meiser, Markus"]
[Black "Sunder, Thomas"]
[Result "0-1"]
[WhiteElo "2136"]
[BlackElo "2188"]
[PlyCount "98"]
[EventDate "2018.09.23"]
[EventType "team-tourn"]
[EventRounds "9"]
[EventCountry "GER"]
[SourceTitle "EXT 2020"]
[Source "ChessBase"]
[SourceDate "2019.10.17"]
[SourceVersion "1"]
[SourceVersionDate "2019.10.17"]
[SourceQuality "1"]
[WhiteTeam "Bensheim"]
[BlackTeam "Giessen"]
[WhiteTeamCountry "GER"]
[BlackTeamCountry "GER"]

1. d4 Nf6 2. c4 c5 3. d5 e5 4. Nc3 d6 5. e4 Be7 6. Be2 0-0 7. Nf3 Nbd7 8. 0-0 a6 9. Qc2 Ne8 10. Re1 g6 11. Bh6 Ng7 12. Bd3 Kh8 13. Ne2 Rb8 14. a4 a5 15. Ng3 Nf6 16. Bd2 b6 17. Bc3 Kg8 18. b3 Rb7 19. Qb2 Nfh5 20. Bf1 f6 21. Re3 Qe8 22. Rd1 Nf4 23. Ne2 g5 24. Nxf4 gxf4 25. Ree1 Bd8 26. Kh1 Kh8 27. Ng1 Qg6 28. Be2 Rg8 29. Bf3 Nh5 30. Qe2 f5 31. Nh3 Nf6 32. exf5 Bxf5 33. Rg1 Rbg7 34. g4 Qh6 35. gxf5 Qxh3 36. Rxg7 Rxg7 37. Rg1 Qxf5 38. Re1 Qh3 39. Bb2 h5 40. Rg1 Ng4 41. Bxg4 hxg4 42. Bxe5 dxe5 43. Qxe5 Qh4 44. Qxf4 Kg8 45. f3 Qf2 46. Qg3 Qxf3+ 47. Qxf3 gxf3 48. Rg3 Rxg3 49. hxg3 Bc7 0-1

[Event "Hessenliga 1819"]
[Site "Hessen"]
[Date "2019.02.17"]
[Round "6.3"]
[White "Rosenberger, Berthold"]
[Black "Meiser, Markus"]
[Result "1/2-1/2"]
[WhiteElo "2243"]
[BlackElo "2136"]
[PlyCount "165"]
[EventDate "2018.09.23"]
[EventType "team-tourn"]
[EventRounds "9"]
[EventCountry "GER"]
[SourceTitle "EXT 2020"]
[Source "ChessBase"]
[SourceDate "2019.10.17"]
[SourceVersion "1"]
[SourceVersionDate "2019.10.17"]
[SourceQuality "1"]
[WhiteTeam "Dettingen"]
[BlackTeam "Bensheim"]
[WhiteTeamCountry "GER"]
[BlackTeamCountry "GER"]

1. d4 Nf6 2. Nf3 g6 3. g3 Bg7 4. Bg2 d5 5. c4 c6 6. 0-0 0-0 7. cxd5 cxd5 8. Nc3 Nc6 9. Ne5 e6 10. Bf4 Nh5 11. Nxc6 bxc6 12. Be3 Rb8 13. Qd2 Qb6 14. b3 Ba6 15. Bf3 Qb4 16. Rfd1 c5 17. Na4 Qxd2 18. Rxd2 Rfc8 19. Rad1 cxd4 20. Bxd4 Bxd4 21. Rxd4 Nf6 22. R4d2 Rb4 23. Nb2 Nd7 24. Nd3 Bxd3 25. Rxd3 Ne5 26. Rd4 a5 27. Kg2 Rc5 28. R1d2 Rcb5 29. e4 Nxf3 30. Kxf3 dxe4+ 31. Rxe4 Kg7 32. Rdd4 e5 33. Rd7 Kf6 34. Ra7 Rxe4 35. Kxe4 Ke6 36. Ra6+ Ke7 37. g4 f6 38. h3 h5 39. f3 hxg4 40. hxg4 Rb4+ 41. Ke3 Rb5 42. g5 fxg5 43. Rxg6 a4 44. bxa4 Ra5 45. Rxg5 Rxa4 46. Rxe5+ Kf6 47. Re4 Rxa2 48. Kf4 Ra6 49. Rb4 Rc6 50. Kg4 Ra6 51. f4 Rc6 52. Rb8 Ra6 53. Rh8 Kg6 54. Re8 Ra4 55. Re6+ Kf7 56. Kf5 Ra2 57. Re5 Ra1 58. Rb5 Ra6 59. Rb7+ Kf8 60. Kg5 Rc6 61. f5 Ra6 62. Rh7 Rb6 63. Rh6 Rb7 64. Kg6 Rg7+ 65. Kf6 Rf7+ 66. Ke6 Re7+ 67. Kd6 Re1 68. Re6 Rd1+ 69. Ke5 Kf7 70. Rf6+ Ke7 71. Rg6 Kf7 72. Rg4 Re1+ 73. Re4 Rf1 74. Re2 Rf3 75. Rb2 Re3+ 76. Kf4 Re1 77. Rb7+ Kf6 78. Rb6+ Kf7 79. Rb7+ Kf6 80. Rb6+ Kf7 81. Rb7+ Kf6 82. Rb6+ Kf7 83. Rb7+ 1/2-1/2

[Event "Hessenliga 1819"]
[Site "Hessen"]
[Date "2019.02.03"]
[Round "5.3"]
[White "Meiser, Markus"]
[Black "Telljohann, Sven"]
[Result "0-1"]
[WhiteElo "2136"]
[BlackElo "2388"]
[PlyCount "120"]
[EventDate "2018.09.23"]
[EventType "team-tourn"]
[EventRounds "9"]
[EventCountry "GER"]
[SourceTitle "EXT 2020"]
[Source "ChessBase"]
[SourceDate "2019.10.17"]
[SourceVersion "1"]
[SourceVersionDate "2019.10.17"]
[SourceQuality "1"]
[WhiteTeam "Bensheim"]
[BlackTeam "Frankfurt TV"]
[WhiteTeamCountry "GER"]
[BlackTeamCountry "GER"]

1. d4 g6 2. c4 Bg7 3. e4 c5 4. d5 d6 5. Nf3 Bg4 6. Nbd2 Nf6 7. h3 Bxf3 8. Qxf3 0-0 9. Be2 Na6 10. a3 Nc7 11. 0-0 a6 12. a4 b5 13. axb5 axb5 14. Rxa8 Qxa8 15. cxb5 Rb8 16. b6 Rxb6 17. Nc4 Rb8 18. Bd2 Nb5 19. Qd3 Nd4 20. Bc3 Nd7 21. Bg4 Ne5 22. Nxe5 Bxe5 23. f4 Bg7 24. Qc4 Nb5 25. Bxg7 Kxg7 26. e5 Nd4 27. f5 Rxb2 28. f6+ exf6 29. exf6+ Kg8 30. Re1 h5 31. Bxh5 Rc2 32. Qd3 Qxd5 33. Re8+ Kh7 34. Bxg6+ fxg6 35. Re7+ Kh6 36. Qe3+ g5 37. Re4 Re2 38. Rh4+ Kg6 39. Qd3+ Qf5 40. Rxd4 Re1+ 41. Kh2 Qxd3 42. Rxd3 Re6 43. Rd5 Kxf6 44. Kg3 Ke7 45. Rxg5 Kd7 46. h4 c4 47. Kf2 Re4 48. h5 c3 49. Rg7+ Kc6 50. Rg8 Kb7 51. Rg7+ Kb6 52. Rg8 d5 53. Rc8 d4 54. g3 Kb5 55. h6 Re7 56. g4 Kb4 57. g5 d3 58. Rxc3 Kxc3 59. g6 d2 60. h7 Re8 0-1

[Event "Dortmund Sparkassen op-A 45th"]
[Site "Dortmund"]
[Date "2017.07.22"]
[Round "8"]
[White "Holtel, Jasper"]
[Black "Meiser, Markus"]
[Result "1-0"]
[WhiteElo "2229"]
[BlackElo "2145"]
[PlyCount "119"]
[EventDate "2017.07.15"]
[EventType "swiss"]
[EventRounds "9"]
[EventCountry "GER"]
[SourceTitle "CBM 179 Extra"]
[Source "ChessBase"]
[SourceDate "2017.08.23"]
[SourceVersion "1"]
[SourceVersionDate "2017.08.23"]
[SourceQuality "1"]

1. e4 c5 2. Nf3 e6 3. b3 a6 4. Bb2 d6 5. g3 Nc6 6. d4 cxd4 7. Nxd4 Nf6 8. Nxc6 bxc6 9. e5 dxe5 10. Qxd8+ Kxd8 11. Bxe5 a5 12. Bg2 Ba6 13. c4 Bb4+ 14. Ke2 Bb7 15. a3 Bc5 16. Nc3 Ke7 17. Na4 Bd6 18. Bd4 e5 19. Be3 Ng4 20. Bb6 f5 21. Nc5 Rab8 22. Nxb7 Rxb7 23. c5 Rxb6 24. cxb6 Rb8 25. Bxc6 Rxb6 26. Bd5 Bc5 27. Rhc1 Bd4 28. Ra2 Kd6 29. Bg8 Nxf2 30. Rac2 Ng4 31. Rc8 Nf6 32. Bc4 Ne4 33. Ra8 Ke7 34. Ra7+ Kf6 35. Rxa5 Kg5 36. Ra6 Kg4 37. Rxb6 Bxb6 38. Bd5 Nf6 39. Bg2 e4 40. Rd1 Ba7 41. b4 h5 42. Rd6 h4 43. gxh4 f4 44. Bxe4 Nxe4 45. Rg6+ Kf5 46. Rxg7 Bd4 47. Rf7+ Bf6 48. h3 Nd6 49. Rf8 Nb5 50. a4 Nc3+ 51. Kf3 Nxa4 52. h5 Nb6 53. h6 Nd7 54. Rg8 Ne5+ 55. Ke2 Ng6 56. h7 Be5 57. b5 Kg5 58. Re8 Bd4 59. Re4 Bg1 60. Re6 1-0

[Event "Dortmund Sparkassen op-A 45th"]
[Site "Dortmund"]
[Date "2017.07.19"]
[Round "5"]
[White "Meiser, Markus"]
[Black "Harringer, Manfred"]
[Result "1-0"]
[WhiteElo "2145"]
[BlackElo "1979"]
[PlyCount "55"]
[EventDate "2017.07.15"]
[EventType "swiss"]
[EventRounds "9"]
[EventCountry "GER"]
[SourceTitle "CBM 179 Extra"]
[Source "ChessBase"]
[SourceDate "2017.08.23"]
[SourceVersion "1"]
[SourceVersionDate "2017.08.23"]
[SourceQuality "1"]

1. d4 Nf6 2. c4 e6 3. Nf3 b6 4. g3 Bb7 5. Bg2 Be7 6. Nc3 Ne4 7. Qc2 Nxc3 8. bxc3 d6 9. 0-0 Nd7 10. e4 0-0 11. Bf4 f5 12. exf5 exf5 13. Rfe1 Be4 14. Rxe4 fxe4 15. Qxe4 Kh8 16. Qe6 Re8 17. Qd5 c6 18. Qxc6 Rc8 19. Qb5 Nf8 20. Bh3 Rc7 21. Re1 Ng6 22. Bxd6 Qxd6 23. Qxe8+ Bf8 24. Ne5 Qf6 25. Re3 Re7 26. Nxg6+ hxg6 27. Rxe7 Qxe7 28. Qxg6 1-0

[Event "Rheinland Pfalz op 9th"]
[Site "Lambsheim"]
[Date "2017.06.15"]
[Round "2"]
[White "Meiser, Markus"]
[Black "Costea, Valerius"]
[Result "1/2-1/2"]
[WhiteElo "2156"]
[BlackElo "1929"]
[PlyCount "91"]
[EventDate "2017.06.15"]
[EventType "swiss"]
[EventRounds "7"]
[EventCountry "GER"]
[SourceTitle "CBM 178 Extra"]
[Source "ChessBase"]
[SourceDate "2017.06.22"]
[SourceVersion "1"]
[SourceVersionDate "2017.06.22"]
[SourceQuality "1"]

1. d4 Nf6 2. c4 c5 3. d5 b5 4. cxb5 a6 5. b6 Qxb6 6. Nc3 d6 7. e4 g6 8. Nf3 Bg7 9. Be2 0-0 10. 0-0 Nbd7 11. Nd2 Bb7 12. a4 Rab8 13. Nc4 Qc7 14. a5 Ne5 15. f4 Nxc4 16. Bxc4 Bc8 17. Qe2 Rb4 18. Ra3 Bb7 19. Na2 Rc8 20. b3 Rb5 21. Bxb5 axb5 22. a6 Ba8 23. Kh1 b4 24. Ra4 e6 25. a7 exd5 26. e5 Ne4 27. exd6 Nxd6 28. Bd2 Ne4 29. Rc1 Qd7 30. Nxb4 Re8 31. Re1 cxb4 32. Bxb4 h5 33. Ra5 h4 34. Qb5 Qe6 35. Ra6 Qc8 36. Kg1 Bd4+ 37. Kf1 h3 38. g3 Rd8 39. Ra2 Qg4 40. Qd3 g5 41. Qxd4 Qf3+ 42. Rf2 Nxf2 43. Qxf2 Qh1+ 44. Qg1 Qf3+ 45. Qf2 Qh1+ 46. Qg1 1/2-1/2

[Event "Boeblinger op 30th"]
[Site "Boeblingen"]
[Date "2013.12.29"]
[Round "7"]
[White "Meiser, Markus"]
[Black "Malek, Daniel"]
[Result "1/2-1/2"]
[WhiteElo "2153"]
[BlackElo "2389"]
[PlyCount "76"]
[EventDate "2013.12.26"]
[EventType "swiss"]
[EventRounds "9"]
[EventCountry "GER"]
[SourceTitle "CBM 158 Extra"]
[Source "ChessBase"]
[SourceDate "2014.02.28"]
[SourceVersion "1"]
[SourceVersionDate "2014.02.28"]
[SourceQuality "1"]

1. d4 Nf6 2. c4 e6 3. Nf3 d5 4. Nc3 c6 5. Bg5 h6 6. Bxf6 Qxf6 7. e3 Nd7 8. Bd3 dxc4 9. Bxc4 g6 10. 0-0 Bg7 11. e4 0-0 12. e5 Qe7 13. Ne4 c5 14. Nxc5 Nxc5 15. dxc5 Rd8 16. Qe2 Qxc5 17. Rac1 Qe7 18. Rfd1 Bd7 19. Bb5 a6 20. Bxd7 Rxd7 21. Rxd7 Qxd7 22. g3 Rd8 23. Kg2 Qe7 24. Qc4 Rd5 25. Qc8+ Rd8 26. Qc7 Rd7 27. Qc5 Qxc5 28. Rxc5 Bf8 29. Rc8 Kg7 30. Kf1 Rd1+ 31. Ke2 Rb1 32. Rc2 Bb4 33. h4 Kf8 34. Nd2 Bxd2 35. Rxd2 Ke7 36. f4 h5 37. Ke3 f6 38. Rc2 fxe5 1/2-1/2

[Event "Rheinland Pfalz op 5th"]
[Site "Worms"]
[Date "2013.06.01"]
[Round "5"]
[White "Meiser, Markus"]
[Black "Diehl, Klaus"]
[Result "1/2-1/2"]
[WhiteElo "2190"]
[BlackElo "2082"]
[PlyCount "120"]
[EventDate "2013.05.30"]
[EventType "swiss"]
[EventRounds "7"]
[EventCountry "GER"]
[SourceTitle "EXT 2014"]
[Source "ChessBase"]
[SourceDate "2013.11.20"]
[SourceVersion "1"]
[SourceVersionDate "2013.11.20"]
[SourceQuality "1"]

1. d4 d5 2. c4 c6 3. Nf3 e6 4. Nc3 f5 5. g3 Nf6 6. Bg2 Bd6 7. 0-0 0-0 8. Qd3 Bd7 9. b3 Be8 10. Ng5 Qe7 11. cxd5 cxd5 12. Nb5 Bxb5 13. Qxb5 Nc6 14. Qd3 Rac8 15. a3 Rc7 16. Bf4 Rfc8 17. Bxd6 Qxd6 18. Qe3 Ne4 19. Nh3 Na5 20. f3 Rc3 21. Qf4 Qxf4 22. Nxf4 Nd2 23. Rfe1 Naxb3 24. Rad1 Kf7 25. e4 g5 26. Nh3 Kf6 27. exd5 exd5 28. f4 g4 29. Nf2 Ne4 30. Nd3 a5 31. Ne5 R8c7 32. Bxe4 dxe4 33. d5 Rc1 34. Rxc1 Rxc1 35. Rxc1 Nxc1 36. Nc4 Nb3 37. Ne3 b5 38. Kf2 Nc5 39. Ke2 h5 40. Kd2 b4 41. axb4 axb4 42. Kc2 Kg6 43. Ng2 Kf6 44. Ne3 h4 45. gxh4 b3+ 46. Kc3 b2 47. Kxb2 Nd3+ 48. Kc3 Nxf4 49. Kc4 Ng6 50. h5 Ne5+ 51. Kd4 Nf3+ 52. Kc5 Ne5 53. Kd4 f4 54. Nxg4+ Nxg4 55. Kxe4 Kg5 56. h4+ Kxh4 57. Kxf4 Kxh5 58. d6 Nf6 59. Kf5 Nd7 60. Ke6 Nb6 1/2-1/2

[Event "Hessenliga 0910"]
[Site "Germany"]
[Date "2010.02.21"]
[Round "7.1"]
[White "Zweschper, Erich"]
[Black "Meiser, Markus"]
[Result "1/2-1/2"]
[WhiteElo "2146"]
[BlackElo "2210"]
[PlyCount "67"]
[EventDate "2009.09.20"]
[EventType "team-tourn"]
[EventRounds "9"]
[EventCountry "GER"]
[SourceTitle "EXT 2011"]
[Source "ChessBase"]
[SourceDate "2010.11.26"]
[SourceVersion "1"]
[SourceVersionDate "2010.11.26"]
[SourceQuality "1"]
[WhiteTeam "Eppstein"]
[BlackTeam "Lorsch"]
[WhiteTeamCountry "GER"]
[BlackTeamCountry "GER"]

1. d4 Nf6 2. Bg5 d5 3. Bxf6 exf6 4. e3 Bd6 5. c4 dxc4 6. Bxc4 0-0 7. Ne2 Nd7 8. Nbc3 c5 9. Bb3 cxd4 10. exd4 f5 11. Qd3 Nf6 12. 0-0-0 Qa5 13. Kb1 Bd7 14. f3 b5 15. Nd5 Nxd5 16. Bxd5 Rad8 17. Bb3 Qb6 18. Nc3 a5 19. Nd5 Qb8 20. g4 fxg4 21. fxg4 Be6 22. Nf6+ gxf6 23. Bc2 Rfe8 24. Qxh7+ Kf8 25. Rhe1 Be5 26. dxe5 Rxd1+ 27. Bxd1 fxe5 28. Bb3 Qd6 29. Rd1 Qc7 30. Qh6+ Kg8 31. Qg5+ Kf8 32. Qh6+ Kg8 33. Qg5+ Kf8 34. Qh6+ 1/2-1/2

[Event "Hessenliga 0910"]
[Site "Germany"]
[Date "2009.10.04"]
[Round "2.1"]
[White "Isserman, Ryhor"]
[Black "Meiser, Markus"]
[Result "1-0"]
[WhiteElo "2293"]
[BlackElo "2210"]
[PlyCount "53"]
[EventDate "2009.09.20"]
[EventType "team-tourn"]
[EventRounds "9"]
[EventCountry "GER"]
[SourceTitle "EXT 2011"]
[Source "ChessBase"]
[SourceDate "2010.11.26"]
[SourceVersion "1"]
[SourceVersionDate "2010.11.26"]
[SourceQuality "1"]
[WhiteTeam "Bad Homburg"]
[BlackTeam "Lorsch"]
[WhiteTeamCountry "GER"]
[BlackTeamCountry "GER"]

1. e4 c5 2. Nf3 e6 3. Nc3 Nc6 4. Bb5 Nd4 5. Bc4 Ne7 6. Nxd4 cxd4 7. Ne2 Nc6 8. 0-0 Bc5 9. d3 0-0 10. a3 a6 11. b4 Ba7 12. Ng3 Ne5 13. Bb3 Qh4 14. h3 d6 15. Qe1 Bd7 16. f4 Nc6 17. f5 exf5 18. Rf4 Qe7 19. Nxf5 Bxf5 20. Rxf5 Nd8 21. Bg5 Qc7 22. Qg3 Ne6 23. Raf1 d5 24. Qxc7 Nxc7 25. exd5 g6 26. Rxf7 Rxf7 27. d6 1-0

[Event "Hessenliga 0809"]
[Site "Germany"]
[Date "2009.02.15"]
[Round "8.4"]
[White "Meiser, Markus"]
[Black "Brendel, Bergit"]
[Result "1/2-1/2"]
[WhiteElo "2187"]
[BlackElo "2083"]
[PlyCount "81"]
[EventDate "2008.09.14"]
[EventType "team-tourn"]
[EventRounds "9"]
[EventCountry "GER"]
[SourceTitle "EXT 2011"]
[Source "ChessBase"]
[SourceDate "2010.11.26"]
[SourceVersion "1"]
[SourceVersionDate "2010.11.26"]
[SourceQuality "1"]
[WhiteTeam "Lorsch"]
[BlackTeam "Frankfurt West"]
[WhiteTeamCountry "GER"]
[BlackTeamCountry "GER"]

1. d4 d5 2. c4 e6 3. Nc3 c5 4. cxd5 exd5 5. Nf3 Nc6 6. g3 Nf6 7. Bg2 Be7 8. 0-0 0-0 9. b3 Ne4 10. Bb2 Bf6 11. Na4 b6 12. Rc1 Ba6 13. dxc5 Bxb2 14. Nxb2 bxc5 15. Na4 Re8 16. Re1 c4 17. Nd2 cxb3 18. Nxe4 dxe4 19. Qxd8 Raxd8 20. Nc5 b2 21. Rb1 Bc4 22. Rxb2 f5 23. Rc1 Ne5 24. Rbc2 Rd5 25. Nb3 Bxb3 26. axb3 Rb8 27. Rc5 Rb5 28. Rxd5 Rxd5 29. f3 exf3 30. exf3 Rd3 31. f4 Ng4 32. Bf1 Rd2 33. Rc8+ Kf7 34. Bc4+ Ke7 35. Rc7+ Kd6 36. Rxg7 Rd1+ 37. Kg2 Rd2+ 38. Kf1 Nxh2+ 39. Ke1 Nf3+ 40. Kf1 Nh2+ 41. Ke1 1/2-1/2

[Event "Pfalz op 01st"]
[Site "Neustadt an der Weinstrasse"]
[Date "2008.02.17"]
[Round "2"]
[White "Markowski, Tomasz"]
[Black "Meiser, Markus"]
[Result "1-0"]
[WhiteElo "2585"]
[BlackElo "2187"]
[PlyCount "55"]
[EventDate "2008.02.16"]
[EventType "swiss"]
[EventRounds "9"]
[EventCountry "GER"]
[SourceTitle "CBM 122 Extra"]
[Source "ChessBase"]
[SourceDate "2008.03.04"]
[SourceVersion "1"]
[SourceVersionDate "2008.03.04"]
[SourceQuality "1"]

1. Nf3 Nf6 2. c4 g6 3. b4 Bg7 4. Bb2 0-0 5. e3 Na6 6. a3 c5 7. Qb3 b6 8. Be2 Bb7 9. d3 d5 10. Nbd2 e6 11. 0-0 Qe7 12. b5 Nb8 13. a4 Nbd7 14. a5 bxa5 15. Rxa5 a6 16. Rfa1 axb5 17. Qxb5 Rab8 18. Ra7 Bc6 19. Bxf6 Qd6 20. Be7 Qxe7 21. Qxc6 Bxa1 22. Rxd7 Qe8 23. cxd5 Rc8 24. Qd6 exd5 25. Qxd5 Qe6 26. Qxe6 fxe6 27. Ng5 Rb8 28. Bg4 1-0

[Event "Goch op 16th"]
[Site "Goch"]
[Date "2005.10.02"]
[Round "4"]
[White "Gawehns, Klaus"]
[Black "Meiser, Markus"]
[Result "1-0"]
[WhiteElo "2391"]
[BlackElo "2167"]
[PlyCount "105"]
[EventDate "2005.09.30"]
[EventType "swiss"]
[EventRounds "7"]
[EventCountry "GER"]
[SourceTitle "EXT 2007"]
[Source "ChessBase"]
[SourceDate "2006.11.23"]
[SourceVersion "1"]
[SourceVersionDate "2006.11.23"]
[SourceQuality "1"]

1. Nf3 Nf6 2. b3 g6 3. Bb2 Bg7 4. c4 0-0 5. g3 c6 6. Bg2 d5 7. 0-0 Nbd7 8. d3 Re8 9. Nbd2 e5 10. cxd5 cxd5 11. Rc1 Bf8 12. a3 Bd6 13. e4 Qe7 14. exd5 Bxa3 15. Bxa3 Qxa3 16. Nc4 Qb4 17. Ng5 h6 18. Ne4 Nxe4 19. dxe4 b6 20. Qd2 Qxd2 21. Nxd2 Ba6 22. Rfe1 Rec8 23. Bh3 Bb5 24. Nc4 a6 25. Bxd7 Bxd7 26. Nxb6 Rxc1 27. Rxc1 Ra7 28. d6 Rb7 29. Nxd7 Rxd7 30. Rc6 a5 31. Kf1 Kg7 32. Ke2 Rb7 33. Rc7 Rb4 34. Rc4 Rb6 35. d7 Rd6 36. Rc7 Rd4 37. f3 Kf6 38. Ra7 Ke6 39. Rxa5 Rxd7 40. Ra6+ Ke7 41. Ra2 Rb7 42. Rb2 Rb4 43. Kd3 Rb6 44. b4 Rf6 45. Ke3 Kd7 46. Rd2+ Kc7 47. Rd5 Re6 48. f4 exf4+ 49. gxf4 Ra6 50. Ra5 Rf6 51. e5 Rf5 52. Ke4 Kb7 53. e6 1-0

[Event "Hessenliga 0203"]
[Site "Germany"]
[Date "2003.02.16"]
[Round "7.3"]
[White "Meiser, Markus"]
[Black "Zunker, Reinhard"]
[Result "1-0"]
[WhiteElo "2205"]
[BlackElo "2200"]
[PlyCount "91"]
[EventDate "2002.10.??"]
[EventType "team"]
[EventRounds "9"]
[EventCountry "GER"]
[SourceTitle "EXT 2004"]
[Source "ChessBase"]
[SourceDate "2003.11.25"]
[SourceVersion "1"]
[SourceVersionDate "2003.11.25"]
[SourceQuality "1"]
[WhiteTeam "Lorsch"]
[BlackTeam "Hofheim II"]
[WhiteTeamCountry "GER"]
[BlackTeamCountry "GER"]

1. d4 g6 2. c4 Bg7 3. Nc3 d6 4. e4 Nc6 5. Be3 e5 6. d5 Nce7 7. Qd2 f5 8. f3 a6 9. Bd3 Nf6 10. Nge2 fxe4 11. Nxe4 Nf5 12. Bg5 h6 13. Nxf6+ Bxf6 14. Bxf6 Qxf6 15. 0-0 g5 16. Rac1 Ne7 17. Ng3 Qf7 18. Be4 b6 19. b4 Bb7 20. c5 dxc5 21. bxc5 Bxd5 22. cxb6 cxb6 23. Rc7 Rd8 24. Qb4 Qe6 25. Nf5 Nxf5 26. Bxf5 Qd6 27. Qxd6 Rxd6 28. Rc8+ Rd8 29. Rxd8+ Kxd8 30. Rd1 Ke7 31. Rxd5 Kf6 32. Be4 Ke6 33. Rd2 Rc8 34. Bb7 Rc1+ 35. Kf2 a5 36. a4 Rb1 37. Bc6 Rb4 38. g4 e4 39. fxe4 Ke5 40. Ke3 Rb3+ 41. Rd3 Rb2 42. Rd5+ Ke6 43. Rb5 Rxh2 44. Rxb6 Ke5 45. Rb5+ Kd6 46. Be8 1-0

[Event "Hessenliga 0203"]
[Site "Germany"]
[Date "2002.10.27"]
[Round "2.3"]
[White "Schmidt, Arndt"]
[Black "Meiser, Markus"]
[Result "1/2-1/2"]
[WhiteElo "2178"]
[BlackElo "2205"]
[PlyCount "47"]
[EventDate "2002.10.??"]
[EventType "team"]
[EventRounds "9"]
[EventCountry "GER"]
[SourceTitle "EXT 2004"]
[Source "ChessBase"]
[SourceDate "2003.11.25"]
[SourceVersion "1"]
[SourceVersionDate "2003.11.25"]
[SourceQuality "1"]
[WhiteTeam "Marburg"]
[BlackTeam "Lorsch"]
[WhiteTeamCountry "GER"]
[BlackTeamCountry "GER"]

1. Nf3 Nf6 2. c4 c6 3. b3 d5 4. Bb2 Bf5 5. g3 e6 6. Bg2 h6 7. 0-0 Nbd7 8. d3 Be7 9. Nbd2 0-0 10. Rc1 Bh7 11. Rc2 a5 12. a3 Re8 13. Qa1 Bd6 14. Ne5 Nxe5 15. Bxe5 Bxe5 16. Qxe5 Qe7 17. Qb2 Rad8 18. b4 axb4 19. axb4 e5 20. cxd5 cxd5 21. Rfc1 e4 22. Rc7 Rd7 23. Rxd7 Qxd7 24. dxe4 1/2-1/2

[Event "Goch op 13th"]
[Site "Goch"]
[Date "2002.10.06"]
[Round "7"]
[White "De Gleria, Francesco"]
[Black "Meiser, Markus"]
[Result "1-0"]
[WhiteElo "2427"]
[BlackElo "2205"]
[PlyCount "53"]
[EventDate "2002.10.03"]
[EventType "swiss"]
[EventRounds "7"]
[EventCountry "GER"]
[SourceTitle "EXT 2004"]
[Source "ChessBase"]
[SourceDate "2003.11.25"]
[SourceVersion "1"]
[SourceVersionDate "2003.11.25"]
[SourceQuality "1"]

1. e4 c5 2. Nf3 d6 3. d4 cxd4 4. Qxd4 Nc6 5. Bb5 Bd7 6. Bxc6 Bxc6 7. Nc3 Nf6 8. Bg5 e6 9. 0-0 Be7 10. Rad1 0-0 11. Rfe1 d5 12. Qe3 Re8 13. e5 Ng4 14. Qf4 Bxg5 15. Nxg5 Nxe5 16. Rxe5 f6 17. Rxe6 fxg5 18. Rxe8+ Qxe8 19. Qd4 Rd8 20. h3 a6 21. Rd3 Qe1+ 22. Kh2 Rf8 23. Nxd5 Qe6 24. c4 b5 25. Re3 Qd6+ 26. Kg1 Rd8 27. Re7 1-0

[Event "Goch op 13th"]
[Site "Goch"]
[Date "2002.10.06"]
[Round "6"]
[White "Meiser, Markus"]
[Black "Meijers, Viesturs"]
[Result "1/2-1/2"]
[WhiteElo "2205"]
[BlackElo "2475"]
[PlyCount "106"]
[EventDate "2002.10.03"]
[EventType "swiss"]
[EventRounds "7"]
[EventCountry "GER"]
[SourceTitle "EXT 2004"]
[Source "ChessBase"]
[SourceDate "2003.11.25"]
[SourceVersion "1"]
[SourceVersionDate "2003.11.25"]
[SourceQuality "1"]

1. d4 Nf6 2. c4 e6 3. Nf3 d5 4. Nc3 Be7 5. Bg5 Nbd7 6. e3 0-0 7. Bd3 b6 8. cxd5 exd5 9. 0-0 Bb7 10. Qe2 a6 11. Rfd1 Re8 12. Rac1 c5 13. dxc5 bxc5 14. Bf5 h6 15. Bf4 Nb6 16. Qc2 Bd6 17. Bxd6 Qxd6 18. e4 Qb8 19. e5 Nfd7 20. Bxd7 Nxd7 21. Nxd5 Nxe5 22. Nxe5 Qxe5 23. Ne3 Rac8 24. Qf5 Qxf5 25. Nxf5 Re2 26. Kf1 Re6 27. Nd6 Rc7 28. Nxb7 Rxb7 29. b3 Re5 30. Rd8+ Kh7 31. Re1 Rf5 32. Re4 Rb4 33. Rde8 Rd5 34. Ke2 Kg6 35. R8e5 Rd6 36. Rc4 Rxc4 37. bxc4 Rb6 38. Rxc5 Rb2+ 39. Ke3 Rxa2 40. Rc8 Kf6 41. Re8 Rc2 42. Ra8 Ra2 43. Re8 a5 44. c5 a4 45. c6 Rc2 46. Ra8 Rxc6 47. Rxa4 g5 48. h4 Rc3+ 49. Ke2 gxh4 50. Rxh4 Kg5 51. g3 f5 52. Ra4 Rb3 53. Rc4 Ra3 1/2-1/2